Most Spoken Languages Quiz Stats

 Plays Quiz Updated Jul 29, 2018

Challenge
Share
Tweet
Embed
Score 0/20 Timer 04:00
9 Plays Today
Speakers (millions) Language % Correct
339English
99.6%
427Spanish
98.3%
75.9French
96.5%
76.9German
89.4%
1,302Chinese
83.5%
128Japanese
80.4%
171Russian
80.2%
267Arabic
71.6%
202Portuguese
70.9%
68.6Urdu
69.6%
Speakers (millions) Language % Correct
260Hindi
58.7%
77.3Korean
48.3%
68.0Vietnamese
29.7%
67.8Tamil
24.2%
189Bengali
19.3%
117Lahnda
15.4%
71.4Turkish
14.2%
84.3Javanese
7.6%
74.2Telugu
5.5%
71.8Marathi
5.2%

You're not logged in!

Compare scores with friends on all Sporcle quizzes.
OR
Log In

You Might Also Like...

Show Comments

Extras

Top Quizzes Today


Score Distribution

Your Account Isn't Verified!

In order to create a playlist on Sporcle, you need to verify the email address you used during registration. Go to your Sporcle Settings to finish the process.

Report this User

Report this user for behavior that violates our Community Guidelines.

Details: